Регионална библиотека "Любен Каравелов" - Русе

Stemy pre A1 : beginner student's book (Запис номер 547118)

MARC детайли
000 -Лидер
Контролно поле с фиксирана дължина 00870nam a2200229 a 4500
003 - Код на организацията, давaща контролен номер
Контролно поле BLK
005 - Дата и час на последна редакция
Контролно поле 20250724123001.0
008 - Елементи от данни с фиксирана дължина
fixed length control field 181207b bu ao||dr|||| 00| 0 bu d
020 ## - Международен стандартен номер на книга ISBN
Международен стандартен номер на книга ISBN 978-619-93024-0-8
040 ## - Източник на каталожния запис
Идентификатор на билиотеката - собственик на записа BLK
041 ## - Код за език
Код за езика на текст/звукозапис или на отделно заглавие Английски
Код за езика КДБФ Английски
080 ## - УДК
Текстов определител УДК Английски език
УДК код - определител по УДК 811.111
УДК - код + определител 811.111:087.5
080 ## - УДК
Текстов определител УДК Издания за деца и юноши. Книжки-картинки. Читанки. Вж и 372.4
УДК код - определител по УДК 087.5
УДК - код + определител 087.5:811.111
245 ## - Сведения за заглавието
Заглавие Stemy pre A1 : beginner student's book
260 ## - Област на издателските данни
9 (RLIN) 498517
Място на издаване, разпространение и проч. София
Име на издателя, разпространителя и проч. Стеми кидс
Година на издаване 2024
300 ## - Физическа характеристика
Страници 131 с. : с цв. ил., [32] л. : цв. ил.
Размери/Мащаб 30 см
380 ## - Жанр
Жанр Езикознание. Филология
500 ## - Общи забележки
Забележка Загл. на гърба на кн.: Beginner student's book pre A1
650 #0 - Допълнително описание по предмет – тема
9 (RLIN) 242420
Основно описание – тема или топоним Английски език
650 #0 - Допълнително описание по предмет – тема
9 (RLIN) 267880
Основно описание – тема или топоним Книжки-картинки
942 ## - АРТИКУЛИ
Вид на библиотечния материал Книги
Скрит в OPAC Не
999 ## - СИСТЕМНИ КОНТРОЛНИ НОМЕРА
Koha biblionumber 547118
Koha biblioitemnumber 547118
944 ## - СЪЗДАВАНЕ И РЕДАКЦИЯ на ЗАПИСА
Създаване/Редакция
Дата на регистрацията/редакция Нора Радева
Служител, извършил регистрацията/редакцията 30545
Статус, дата на статуса Нора Радева

Няма налични копия.

Vip Innovations Ltd, Rousse, Bulgaria 2025